Artistas Fluminenses - Morte Súbita - Statistics

Estatísticas Gerais
  • Esse quiz foi jogado 189 vezes
  • A pontuação média é 5 de 16
Answers on the Grid
Answers color-coded by a green-red scale on the quiz's grid according to % correct below.
Grazi Massafera
Tatá Werneck
Luísa Sonza
Anitta
Pablo Vittar
Clóvis de Barros Filho
Leandro Hassum
Danilo Gentili
Pedro Bial
Fernanda Torres
Marcelo D2
Raul Seixas
Cazuza
Renato Russo
Taís Araújo
Marina Ruy Barbosa
Manu Gavassi
Tim Maia
Gal Costa
Roberto Carlos
Cássia Eller
Adriana Esteves
Susane Vieira
Pitty
Claudia Leitte
Nando Reis
Lima Duarte
Selton Mello
Padre Marcelo Rossi
IZA
Sabrina Sato
Zeca Pagodinho
 
Estatísticas das Respostas
Resposta % Correto
Zeca Pagodinho
50%
Anitta
45%
Cazuza
43%
Fernanda Torres
43%
Tim Maia
43%
IZA
40%
Marcelo D2
35%
Pedro Bial
32%
Tatá Werneck
32%
Taís Araújo
28%
Leandro Hassum
27%
Claudia Leitte
25%
Cássia Eller
20%
Adriana Esteves
18%
Marina Ruy Barbosa
18%
Renato Russo
12%
Nenhum quiz correspondente encontrado
Distribuição das Pontuações
Porcentagem de Pessoas com Cada Pontuação
Percentil de Números Respondidos
Sua Pontuação Histórica
Você não jogou esse quiz